Filme, die mit C beginnen - Statistiken

Allgemein
  • Dieses Quiz wurde 94 mal gespielt
    91 seit der letzten Aktualisierung
  • Das Durchschnittsergebnis liegt bei 6 aus 15
Antwortstatistiken
Tipp Film % Korrekt
Mädchen mit gläsernen Schuhen hat bis Mitternacht Zeit, die Liebe eines Prinzen zu gewinnen Cinderella
93%
Böse Puppe wird von der Seele eines Serienmörders besessen Chucky - Die Mörderpuppe
76%
Tropische Bobfahrer nehmen an den Olympischen Winterspielen teil Cool Runnings
61%
Amerikanischer Cafébesitzer in Marokko will nichts mehr mit seiner wahren Liebe zu tun haben, hilft aber Freiheitskämpfern gegen die Nazis Casablanca
54%
Australischer Outback-Bewohner reist nach New York, um die wahre Liebe zu finden und erschreckt Räuber mit seinem riesigen Messer Crocodile Dundee
50%
Am Tag der Toten reist ein kleiner Junge in das Geisterreich und findet heraus, warum seine Familie Musik verbietet Coco
43%
Telekinetisches Mädchen begeht Massenmord, nachdem es auf dem Abschlussball gedemütigt wurde Carrie
38%
Flugzeug voller gefährlicher Sträflinge wird entführt Con Air
26%
Böser Geist ermordet dich mit seinem Haken, wenn du in den Spiegel schaust und seinen Namen fünfmal sagst Candyman
22%
Mädchen aus Jersey will Sängerin werden und tanzt anrüchig in einer New Yorker Bar, was ihrem Vater missfällt Coyote Ugly
22%
Unterdrückte Internatsschüler werden von einem Englischlehrer inspiriert Der Club der toten Dichter
22%
Muskulöser Krieger muss einen bösen Zauberer töten, um den Tod seiner Eltern zu rächen Conan der Barbar
19%
Monster zerstört New York – aufgenommen von einer Person ohne Zugang zu einem Stativ Cloverfield
17%
Reicher Mann kann alles haben, was er will, außer einem Schlitten Citizen Kane
13%
Ehemaliger Bergretter bekämpft Terroristen in den Rocky Mountains Cliffhanger
11%
Keine übereinstimmenden Quizze gefunden
Verteilung der Resultate
Anzahl Personen mit jedem Resultat
Perzentil nach korrekt beantworteten Fragen
Ihre Resultats-Entwicklung
Sie haben dieses Quiz seit der letzten Aktualisierung nicht gespielt